000 00321nam a2200121 a 4500
005 20201002052845.0
008 150811s2004 000 spa d
022 _a9945400134
100 _aSánchez, Olimpia
_974438
245 0 _aLengua : educación media.
260 _aActualidad Escolar 2000,
_cs. f.
999 _c45908
_d45908
040 _aDO-SdBNP